000 00919nam a2200253 i 4500
001 bg
111 2 _aMiędzynarodowa Konferencja Naukowa INLAND SHIPPING
_n(2 ;
_d2006 ;
_cSzczecin).
245 4 _aII [druga] Międzynarodowa Konferencja Naukowa INLAND SHIPPING 2006 /
_cAkademia Morska w Szczecinie. Wydział Inżynieryjno-Ekonomiczny Transportu. Instytut Inżynierii Transportu.
260 _aSzczecin :
_bAkademia Morska,
_c2006.
300 _a197 s. :
_bil. ;
_c24 cm.
500 _aTekst czśc. ang. - Streszcz. przy ref.
504 _aBibliogr. przy ref.
650 9 _aTransport wodny śródlądowy
650 9 _aŻegluga śródlądowa
655 _aMateriały konferencyjne
710 0 _aAkademia Morska (Szczecin)
020 _a8389901153
040 _cBPK
041 w _apoleng
080 _a627:656.62](061)
920 _a83-89901-15-3
942 _cKS
008 s pl f |000 0 pol
999 _c52110
_d52110
856 _uhttp://koha.tu.koszalin.pl/cgi-bin/koha/opac-detail.pl?biblionumber=52110
_yKatalog online BPK